000 00418nam a2200133Ia 4500
005 20260209120139.0
008 260209s9999||||xx |||||||||||||| ||und||
100 _aAnuj Saluja
245 0 _aCyber crimes and laws in India 
260 _aBangaloreBangalore
_bNLSIU
_c2018
300 _a124 p. ; 25 cm.
700 _aDr. Nagarathna - GuideDr. Nagarathna - Guide
856 _uhttps://dans.nls.ac.in/handle/123456789/1522
999 _c217352
_d217352